Le film selon la citation #2 - Statistiques

Statistiques générales
  • Ce quiz a été pris 84 fois
  • Le résultat moyen est 6 sur 15
Statistiques - réponses
Ciation : Le film : % Correct
"Je s'appelle Groot." Les Gardiens de la Galaxie
87%
"Vous ne passerez pas." Le Seigneur des Anneaux : La Communauté de l’Anneau
81%
"Un grand pouvoir implique de grandes responsabilités." Spider Man (2002)
81%
"Vous savez, moi je ne crois pas qu'il y ait de bonne ou de mauvaise situation." Astérix et Obélix : Mission Cléopâtre
70%
"Messire, messire ! Un Sarrazin !" Les Visiteurs
69%
"La vérité si je mens !" La Vérité si je Mens !
64%
"Personne ne me traite de mauviette." Retour vers le Futur
35%
"C'est de toute beauté." La Tour Montparnasse Infernale
29%
"Les cons, ça ose tout. C'est même à ça qu'on les reconnaît." Les Tontons Flingueurs
27%
"On n'est pas bien là, à la fraîche, décontracté du gland ?" Les Bronzés
13%
"Je suis ton père… ton frère… ton oncle… enfin je suis quelqu'un de ta famille, quoi !" La Cité de la peur
8%
"Tout ce que je sais, c'est que je ne sais rien." Matrix
3%
"J’ai glissé, chef !" Les Bronzés font du ski
1%
"Tu n’es qu’un détail dans ma vie, alors que moi je suis tout dans la tienne." Le Silence des Agneaux
0%
"Quand on attaque l'Empire, l'Empire contre-attaque !" OSS 117 : Le Caire nid d’espions
0%
Aucun quiz correspondant
Distribution des résultats
% des personnes avec chaque résultat
Percentile par nombre de réponses
Votre historique - résultats
Vous n’avez pas pris ce quiz